000 00745nam a22002537a 4500
001 BR9704373
003 BR-BrBNA
005 20230928095728.0
007 ta
008 230509b bl.||||| |||| 00| 0 por d
040 _aBR-BrBNA
_bpor
_cBiblioteca Nacional de Agricultura
041 _a(Por)
072 _aF06; C10
090 _ F06 BR9704373
110 1 _aSuperintendencia do Desenvolvimento do Nordeste, Fortaleza, CE (Brasil)
_910124
245 1 _aPrograma de treinamento para o desenvolvimento da agricultura irrigada 1976
260 3 _aFortaleza, CE (Brasil):
_c1976.
300 _avp.
650 _aIrrigacao
650 _aTreinamento
650 _aPrograma Educacional
909 _a202309
_bLucia
_c55
_dLucia Elande
942 _cBK
999 _c58323
_d58323